Đang tải...

Birds of the indian subcontinent

Chi tiết về thư mục
Tác giả chính: Grimmett Richard
Tác giả khác: Inskipp Carol, Inskipp Tim
Định dạng: Printed Book
Được phát hành: UK Oxford university press 2014
LEADER 00559nam a22001697a 4500
003 OSt
020 |a 9780198077220 
082 |a 598.0954  |b GRI/BI 
100 |a Grimmett Richard 
245 |a Birds of the indian subcontinent 
260 |a UK  |b Oxford university press  |c 2014 
300 |a 528 Pages 
700 |a Inskipp Carol 
700 |a Inskipp Tim 
942 |2 ddc  |c BK 
999 |c 141615  |d 141615 
952 |0 0  |1 0  |2 ddc  |4 0  |6 598_095400000000000_GRIBI  |7 0  |9 140530  |a KAUCLV  |b KAUCLV  |c GENERAL  |d 2015-09-09  |g 995.00  |l 6  |m 1  |o 598.0954 GRI/BI  |p 224450  |r 2019-11-12  |s 2019-11-12  |w 2015-09-09  |y BK